Proceedings of the American Society of International Law at its ... Annual Meeting.

Bibliographic Details
New Title:American Society of International Law. Proceedings of the American Society of International Law at the meeting of its Executive Council (Online)
Corporate Author: American Society of International Law. Annual Meeting
Format: Serial
Language:English
Published: New York, N.Y. : Baker, Voorhis & Co., 1908-1918.
Subjects:
Online Availability: Check for online availability

MARC

Tag First Indicator Second Indicator Subfields
LEADER 00000cas a2200000 a 4500
001 in00002785618
005 20151202172123.0
006 m o d
007 cr |||||||||||
008 031016d19071917nyuar oo 1 0eng c
010 |a  2010235322 
019 |a 61564822  |a 608592532  |a 609504910  |a 610584746  |a 636463701  |a 636463713  |a 651784302  |a 652336798  |a 779665405  |a 780155577 
022 |l 0272-5061  |y 0272-5061 
029 1 |a AU@  |b 000045714256 
029 1 |a NZ1  |b 12444798 
029 1 |a AU@  |b 000044926964 
029 1 |a AU@  |b 000045714258 
029 1 |a NZ1  |b 13640988 
035 |a (OCoLC)ocm53216535 
035 |a (OCoLC)53216535  |z (OCoLC)61564822  |z (OCoLC)608592532  |z (OCoLC)609504910  |z (OCoLC)610584746  |z (OCoLC)636463701  |z (OCoLC)636463713  |z (OCoLC)651784302  |z (OCoLC)652336798  |z (OCoLC)779665405  |z (OCoLC)780155577 
040 |a ILI  |b eng  |c ILI  |d OCLCQ  |d RCJ  |d OCLCE  |d EYM  |d HUL  |d OCLCQ  |d LGG  |d OCLCQ  |d OCL  |d OCLCQ  |d TXA  |d UtOrBLW 
042 |a pcc  |a dlr 
049 |a TXAM 
050 4 |a KZ27.A67  |b A47 
090 |a JX27  |b .A5 Electronic 
110 2 |a American Society of International Law.  |b Annual Meeting. 
240 1 0 |a Proceedings of the American Society of International Law at its ... Annual Meeting (1908 : Online) 
245 1 0 |a Proceedings of the American Society of International Law at its ... Annual Meeting. 
264 1 |a New York, N.Y. :  |b Baker, Voorhis & Co.,  |c 1908-1918. 
310 |a Annual 
336 |a text  |b txt  |2 rdacontent 
337 |a computer  |b c  |2 rdamedia 
338 |a online resource  |b cr  |2 rdacarrier 
362 0 |a 1st (Apr. 19 and 20, 1907)-11th (Apr. 26-28, 1917). 
500 |a Imprint varies. 
506 |3 Use copy  |f Restrictions unspecified  |5 MiAaHDL  |2 star 
533 |a Electronic reproduction.  |b [S.l.] :  |c HathiTrust Digital Library,  |d 2010.  |5 MiAaHDL 
583 1 |a digitized  |c 2010  |h HathiTrust Digital Library  |l committed to preserve  |5 MiAaHDL  |2 pda 
588 |a Description based on print version record; title from cover (JSTOR, viewed Oct. 7, 2010). 
500 |a Electronic resource. 
610 2 0 |a American Society of International Law  |v Congresses. 
650 0 |a International law  |v Congresses. 
776 0 8 |i Print version:  |a American Society of International Law. Meeting.  |t Proceedings of the American Society of International Law at its ... Annual Meeting  |x 0272-5061  |w (DLC) 97660623  |w (OCoLC)5928857 
785 0 0 |a American Society of International Law.  |t Proceedings of the American Society of International Law at the meeting of its Executive Council (Online)  |w (OCoLC)681718412 
948 |a cataloged  |b h  |c 2012/12/17  |d c  |e spoltoratski  |f 1:43:26 pm  |g sc 
994 |a C0  |b TXA 
999 |a MARS 
999 f f |s 2ce3463d-87f2-3c6c-b93f-025167aa7768  |i 2cb96571-4b51-3e2c-a9ce-6e20fdf9b877  |t 0 
952 f f |a Texas A&M University  |b College Station  |c Electronic Resources  |d Available Online  |t 0  |e JX27 .A5  |g Electronic  |h Library of Congress classification 
998 f f |a JX27 .A5  |t 0  |l Available Online